[Event "(GER-ch) Internationa06 DSB Mephisto GM"]
[Site "Hannover"]
[Date "1983.08.22"]
[Round "14"]
[White "Karpov, Anatoly"]
[Black "Giorgadze, Tamaz"]
[Result "1-0"]
[WhiteElo "2710"]
[BlackElo "2495"]
[PlyCount "111"]
[EventDate "1983.08.05"]
[EventType "tourn"]
[EventRounds "15"]
[EventCountry "GER"]
[EventCategory "9"]
[SourceTitle "MCL"]
[Source "ChessBase"]
[SourceDate "1999.07.01"]
[SourceVersion "1"]
[SourceVersionDate "1999.07.01"]
[SourceQuality "1"]

1. d4 Nf6 2. c4 e6 3. Nc3 d5 4. Nf3 Be7 5. Bg5 O-O 6. e3 h6 7. Bxf6 Bxf6 8. Qd2 Nc6 9. Rc1 a6 10. Be2 dxc4 11. Bxc4 e5 12. d5 Ne7 13. Ne4 Nf5 14. Be2 Nd6 15. Nxf6+ Qxf6 16. O-O e4 17. Nd4 Re8 $146 ({RR} 17... Qg5 18. Rfd1 Bh3 19. Bf1 Bg4 20. Be2 Bh3 21. Bf1 Bg4 22. Be2 {½-½ (22) Roeder,M (2467)-Rizouk,A (2350) Tunis 2000}) 18. Rxc7 Qg5 19. Rfc1 Bh3 20. Bf1 Bg4 21. Qb4 Rad8 22. Qb6 h5 23. a4 h4 24. R7c5 Qf6 25. b4 Re5 26. h3 Bc8 27. b5 axb5 28. Nxb5 Kh7 29. Nd4 Rde8 30. R1c2 Rg5 31. Ne6 Bxe6 32. dxe6 Rxe6 33. Rxg5 Qxg5 34. Qb4 g6 35. Be2 Qe7 36. Bg4 Nf5 37. Qb5 Nd6 38. Qb6 Nf5 39. Qb5 Nd6 40. Qd5 Re5 41. Qd4 Ne8 42. Qb2 f5 43. Be2 Ng7 44. Rc8 Qd7 45. Qxe5 Qxc8 46. Qe7 Qc1+ 47. Bf1 Qa1 48. Qxh4+ Kg8 49. Qd8+ Kh7 50. Qd7 Qb1 51. g3 b6 52. Kg2 Qb4 53. Bb5 Qc5 54. Bc6 Kh8 55. Qd8+ Kh7 56. Bd5 1-0

[Event "Moscow"]
[Site "Moscow"]
[Date "1981.04.??"]
[Round "13"]
[White "Kasparov, Garry"]
[Black "Karpov, Anatoly"]
[Result "1/2-1/2"]
[WhiteElo "2625"]
[BlackElo "2690"]
[PlyCount "35"]
[EventDate "1981.04.08"]
[EventType "tourn"]
[EventRounds "13"]
[EventCountry "URS"]
[EventCategory "15"]
[SourceTitle "MCL"]
[Source "ChessBase"]
[SourceDate "1999.07.01"]
[SourceVersion "1"]
[SourceVersionDate "1999.07.01"]
[SourceQuality "1"]

1. d4 Nf6 2. c4 e6 3. Nf3 d5 4. Nc3 Be7 5. Bg5 h6 6. Bxf6 Bxf6 7. e3 O-O 8. Qd2 Nc6 9. cxd5 exd5 10. Be2 Bf5 11. O-O Ne7 12. b4 c6 13. Rfc1 a6 14. a4 Qd6 15. Qb2 $146 ({RR} 15. Nd1 Rfc8 16. Nb2 a5 17. bxa5 c5 18. dxc5 Rxc5 19. Nd4 Rcxa5 20. Nxf5 {½-½ (20) Benjamin,J (2450)-Hjartarson,J (2425) Copenhagen 1982}) 15... Rfe8 16. Qb3 Ng6 17. Ra2 Be7 18. b5 1/2-1/2

[Event "URS-ch50 Final"]
[Site "Moscow"]
[Date "1983.04.16"]
[Round "10"]
[White "Petrosian, Tigran V"]
[Black "Karpov, Anatoly"]
[Result "1/2-1/2"]
[WhiteElo "2605"]
[BlackElo "2710"]
[PlyCount "56"]
[EventDate "1983.04.03"]
[EventType "tourn"]
[EventRounds "17"]
[EventCountry "URS"]
[EventCategory "14"]
[SourceTitle "URS-ch"]
[Source "ChessBase"]
[SourceDate "1999.07.01"]
[SourceVersion "1"]
[SourceVersionDate "1999.07.01"]
[SourceQuality "1"]

1. c4 Nf6 2. Nf3 e6 3. Nc3 d5 4. d4 Be7 5. Bg5 h6 6. Bxf6 Bxf6 7. e3 O-O 8. Qd2 b6 9. cxd5 exd5 10. Be2 ({RR} 10. b4 Be6 11. Be2 Nd7 12. O-O c5 13. bxc5 bxc5 14. Rab1 cxd4 15. Nxd4 Nc5 16. Bf3 Rc8 17. Rfd1 Re8 18. h3 Ne4 19. Nxe4 dxe4 20. Bxe4 Bxd4 21. Qxd4 Qxd4 22. Rxd4 Bxa2 23. Ra1 Rc4 24. Rd7 Rcxe4 {Karpov,A (2674)-Spassky,B (2548) Mainz 2005 ½-½}) ({RR} 10. Bd3 Bb7 11. b4 c5 12. bxc5 bxc5 13. Rb1 Qc7 14. Nb5 Qe7 15. dxc5 Na6 16. c6 Bxc6 17. Nbd4 Bb7 18. O-O Nc5 19. Rfc1 Nxd3 20. Qxd3 Rac8 21. Rxc8 Rxc8 22. h3 Rc4 23. Nf5 Qc7 24. Qd1 Bc8 {Korobov,A (2634)-Kuznetsova,O (2142) chess.com INT 2025 1-0 (35)}) 10... Be6 11. O-O c5 12. dxc5 $146 ({RR} 12. Rfd1 Nd7 13. Bb5 Rc8 14. dxc5 Bxc3 15. Qxc3 Rxc5 16. Qb4 Nf6 17. Nd4 Qc7 18. f3 Bd7 19. Bd3 Qe5 20. Qd2 Re8 21. Re1 Qg5 22. b4 Rcc8 23. Ba6 Rcd8 24. a4 Qe5 25. a5 Qd6 26. Bd3 bxa5 {Khismatullin,D (2656)-Mokshanov,A (2372) Samara 2011 1-0 (47)}) 12... bxc5 13. Rfd1 Bxc3 14. Qxc3 Nd7 15. b4 Rc8 16. bxc5 Rxc5 17. Qa3 Ra5 18. Qb4 Qb6 19. Qxb6 Nxb6 20. Nd4 Rc8 21. Kf1 Nc4 22. Ke1 Nd6 23. a4 Nc4 24. Nb3 Ra6 25. a5 Kf8 26. Rdc1 Ke7 27. Rc3 Rac6 28. Nd4 Rc5 1/2-1/2

[Event "Dortmund SuperGM 25th"]
[Site "Dortmund"]
[Date "1997.07.05"]
[Round "2"]
[White "Karpov, Anatoly"]
[Black "Jussupow, Artur"]
[Result "1-0"]
[WhiteElo "2745"]
[BlackElo "2640"]
[Annotator "Jussupow,Artur"]
[PlyCount "125"]
[EventDate "1997.07.04"]
[EventType "tourn"]
[EventRounds "9"]
[EventCountry "GER"]
[EventCategory "18"]
[SourceTitle "CBM 060"]
[Source "ChessBase"]
[SourceDate "1997.09.29"]
[SourceVersion "1"]
[SourceVersionDate "1997.09.29"]
[SourceQuality "1"]

1. d4 {Karpov} Nf6 2. c4 e6 3. Nf3 d5 4. Nc3 Be7 5. Bg5 h6 6. Bh4 O-O 7. e3 Ne4 8. Bxe7 Qxe7 9. Rc1 c6 10. Bd3 Nxc3 11. Rxc3 dxc4 (11... Nd7 12. cxd5 exd5 13. O-O Re8 14. Qb1 Nf6 15. b4 Ne4 16. Bxe4 dxe4 17. Nd2 Be6 $14 {Nikolic,P-Jussupow,A/Horgen/1994/}) 12. Bxc4 Nd7 13. O-O b6 14. Bd3 (14. Qe2 a5 $5 (14... Bb7 15. Rd1 Rfd8 16. Ba6 Bxa6 17. Qxa6 c5 $14 {Benjamin,J-Jussupow,A/Horgen CS 1994}) (14... c5 15. Ba6 cxd4 16. Nxd4 (16. exd4 {Belov} Nf6 17. Rfc1 Bxa6 18. Qxa6 Nd5 $10) 16... Bxa6 17. Qxa6 Nc5 18. Qe2 Qf6 (18... a5 {Belov} 19. Qb5 $16) (18... e5 $5 {Belov}) 19. Qf3 $1 Qxf3 20. gxf3 $14 {1-0 Zvjaginsev,V-Cherepkov,A/St.Petersburg op 1994 (42)}) 15. Rfc1 Bb7 16. h3 (16. a3 Rfd8 17. h3 a4 18. Rd1 c5 $11 19. Bb5 Ra5 20. Bxd7 Qxd7 21. Rd2 cxd4 22. Rxd4 Rd5 $15 {½-½ Epishin,V-Vaganian,R/Erevan 1996 (43)}) 16... Rfd8 $5 {Epishin} (16... c5 17. Bb5 e5 18. dxe5 Nxe5 19. Nxe5 Qxe5 20. Rd1 $14 {Epishin,V-Vaganian,R/Reggio Emilia 1995})) 14... c5 15. Be4 (15. Bb5 Rd8 (15... cxd4 16. Nxd4 Nc5 17. Bc6 Bb7 18. Qf3 Bxc6 19. Nxc6 Qb7 20. Ne5 Qxf3 21. gxf3 f6 22. Nc6 $14 {1-0 Polugaevsky,L-Andersson,U/Reggio Top16 1991/CBM 22 (50) [Ftacnik]}) 16. Bc6 (16. Qe2 $6 Bb7 17. Bxd7 $6 cxd4 $1 $15 {0-1 Cramling,P-Jussupow,A/Hamburg SKA 1991 (60)}) 16... Rb8 17. Qc2 cxd4 18. Nxd4 e5 19. Nf5 Qf6 20. Rd1 Nc5 $10 {Smyslov,V-Kasparov,G/Vilnius/1984/}) (15. Bb1 Bb7 16. Qc2 g6 17. Qe2 Rac8 $11 18. Rfc1 Rfd8 19. h3 e5 20. dxc5 Rxc5 21. Rxc5 Nxc5 22. b4 Bxf3 {½-½ Nikolic,P-Jussupow,A/Munchen 1990}) 15... Rb8 (15... Ba6 $2 16. Bxa8 Bxf1 17. Bc6 Ba6 18. Qa4 Nb8 19. dxc5 bxc5 20. h3 $14 {Dolmatov}) 16. Qa4 (16. Qc2 $5 Ba6 (16... a5 17. Rc1 Bb7 18. Bxb7 Rxb7 19. dxc5 Nxc5 20. Ne5 Qf6 21. Nd3 Rd8 22. Nxc5 bxc5 23. Qe2 Rbd7 24. R3c2 c4 (24... a4 25. g3 Rd5 26. Kg2 g6 27. a3 h5 28. Qf3 Qe5 29. Qf4 $16 {1-0 Karpov,A-Jussupow,A/Bank Hofmann Cup 1995 (51)}) 25. g3 e5 26. Kg2 e4 27. Qg4 $1 $14 {½-½ Khalifman,A-Jussupow,A/Bundesliga 1992 (35)}) 17. Rd1 Nf6 18. dxc5 Nxe4 19. Qxe4 bxc5 20. b3 $14 {Dolmatov}) 16... Bb7 (16... Nf6 17. Bc6 Nd5 18. Bxd5 exd5 19. dxc5 bxc5 20. Qa3 Be6 21. Rfc1 Rfc8 22. b3 $16 {Dolmatov}) 17. Bxb7 Rxb7 18. Qc2 (18. Qc6 $5 Nb8 19. Qe4 Rc7 20. Rfc1 Rfc8 21. Qf4 c4 $11 {Kramnik; Shamkovich}) (18. Rd1 b5 19. Qb3 a5 $5 (19... c4 $4 20. Rxc4 $18) 20. dxc5 Nxc5 21. Qc2 Na6 22. a3 b4 23. Rc6 Rc7 $1 24. Nd4 bxa3 25. bxa3 Rfc8 26. Rxc7 Qxc7 27. Qe2 Qc4 28. Qf3 Nc7 29. h3 {½-½ Anand-Kramnik/Fernsehpartie/1996}) 18... a5 $5 (18... Rc8 19. Rc1 Rbc7 20. b4 e5 {Kramnik; Shamkovich} (20... c4 21. b5 a6 22. Rb1 $16 {Dolmatov}) 21. dxc5 (21. bxc5 $1 exd4 22. exd4 bxc5 23. Rc4 Nb8 24. Rxc5 Rxc5 25. dxc5 Nc6 (25... Na6 26. c6 Nb4 27. Qa4 Nd3 28. Qa6 $18) 26. h3 $18 {Dolmatov}) 21... bxc5 22. Rc4 (22. h3 c4 23. a3 Nb6 {Dolmatov}) 22... e4 $1 $14 {½-½ Kramnik,V-Kasparov,G/Las Palmas 1996 (57)}) (18... cxd4 $6 19. Nxd4 $16 {Dolmatov}) 19. a3 (19. Rd1 cxd4 20. Nxd4 Nc5 21. Nc6 Qf6 22. b3 $14 {Kramnik; Shamkovich}) 19... Re8 $5 { 20...e5 21.e4 e:d4 22.:b7 d:c3 23.b:c3 e5=} 20. Rd1 (20. h3 e5 21. Qe4 exd4 $1 22. Qxb7 dxc3 23. bxc3 Ne5 $1 $11 24. Qxb6 $140 Nxf3+ 25. gxf3 Qg5+ 26. Kh1 Qd5 27. e4 Qh5 {Karpov}) 20... Rbb8 (20... e5 21. Qe4 exd4 22. Qxb7 dxc3 23. bxc3 Ne5 24. Qxb6 Nxf3+ 25. gxf3 Qg5+ 26. Kf1 $5 $16 (26. Kh1 Qh5 27. Qc6)) 21. h3 (21. dxc5 Nxc5 22. b4 (22. Nd4 $5) 22... axb4 23. axb4 Na6 24. b5 Nc5 $11 (24... Nc5 {Karpov} 25. Ne5 Ra8 26. Nc6 Qf6 $132)) 21... Rbd8 (21... e5 $142 22. dxe5 Nxe5 23. Nxe5 Qxe5 24. Rcd3 $14) 22. Rcd3 $146 ({RR} 22. Qe2 e5 23. dxe5 Nxe5 24. Nxe5 Qxe5 25. Rcd3 Rxd3 26. Rxd3 Qe6 27. Qd2 a4 28. Rd8 Rxd8 29. Qxd8+ Kh7 30. Qd3+ g6 31. Kf1 Qe5 32. Qb5 Qh2 33. Qxa4 Qh1+ 34. Ke2 Qxg2 35. Qb3 Qb7 36. Qc4 h5 {Goncalves,D (1927)-Umetsubo,C (2307) Florianopolis 2014 0-1 (49)}) 22... Rc8 (22... cxd4 23. Rxd4 (23. Nxd4 Ne5 $1 (23... Nc5 $2 24. Nc6 $18)) 23... Nc5 24. b4 axb4 25. axb4 Na6 26. Qc4 $16 {Karpov}) 23. d5 $1 $14 exd5 (23... e5 24. e4 $14 {Karpov} (24. d6 Qe6 25. e4 {d5 Karpov})) 24. Rxd5 Nf6 25. Re5 $1 (25. R5d3 {Karpov} b5 $11) 25... Qc7 (25... Qb7 $142 26. Rxe8+ Rxe8 27. a4 Qe4 $14) 26. Rxe8+ Rxe8 27. a4 $1 $16 Rd8 (27... Nd7 {e5} 28. Nd4 $1 {Karpov}) 28. Rxd8+ Qxd8 29. Ne5 Qd5 30. Nc4 {[%csl Rb6,Gc4]} Nd7 31. b3 f5 $6 (31... h5 $5 32. Kf1 $5 {d2}) (31... g6 $5) 32. Kf1 (32. g4 fxg4 (32... g6 33. gxf5 gxf5 34. Qc3 $5) 33. hxg4 Qf3 34. Qf5 Qxf5 35. gxf5 $16 {Karpov}) 32... Kf7 33. f3 Ke7 34. Ke2 Qe6 35. Qc3 Nf6 36. Kf2 Kd7 (36... h5 37. h4 $16) (36... g5 $142) 37. g4 {} Kc6 $2 (37... fxg4 $142 38. hxg4 $16) (37... g6 38. Qe5 {Karpov}) 38. Qe5 $1 Qxe5 39. Nxe5+ Kd5 40. Nc4 fxg4 41. Nxb6+ $1 Kc6 42. Nc4 $18 gxf3 (42... gxh3 43. Kg3 $18 {[%csl Ra5,Rh3]}) 43. Kxf3 Kd5 44. Nxa5 g5 45. Nc4 h5 46. Nd2 Ke5 47. e4 (47. a5 $143 Kd5 48. e4+ Kc6 49. e5 Ne8 50. Ke4 Ng7 51. Nc4 Kb5 {Karpov}) 47... Ne8 (47... Kd4 48. a5 $1 Nd7 49. a6 Ne5+ 50. Ke2 Nc6 51. Nf3+ Kxe4 52. Nxg5+ $18 {Karpov}) 48. Ke3 Nc7 49. Nc4+ Kf6 50. Kf2 Na6 51. Kg3 Nb4 52. h4 Nc6 53. a5 $1 $18 Nb4 54. Nd2 Nc6 (54... Na6 55. hxg5+ Kxg5 56. Nf3+ $18 {Karpov}) 55. a6 gxh4+ 56. Kxh4 Ke6 57. Kxh5 Kd7 58. Kg6 Kc7 59. Nc4 (59. Kf6 Kb6 60. e5 Kxa6 61. e6 Kb5 62. e7 Nxe7 63. Kxe7 Kb4 64. Kd6 $18 {Karpov}) 59... Kb8 60. Kf6 Ka7 61. e5 Kxa6 62. e6 Kb5 63. e7 (63. e7 {Karpov} Nxe7 64. Kxe7 Kb4 65. Nd2 Kc3 66. Kd6 $18) 1-0

[Event "Candidates sf1"]
[Site "London"]
[Date "1989.??.??"]
[Round "3"]
[White "Karpov, Anatoly"]
[Black "Jussupow, Artur"]
[Result "1/2-1/2"]
[WhiteElo "2755"]
[BlackElo "2610"]
[Annotator "Jussupow,Artur"]
[PlyCount "85"]
[EventDate "1989.10.??"]
[EventType "match"]
[EventRounds "8"]
[EventCountry "ENG"]
[SourceTitle "Candidates"]
[Source "ChessBase"]
[SourceDate "1999.07.01"]
[SourceVersion "2"]
[SourceVersionDate "1999.07.01"]
[SourceQuality "1"]

1. d4 {Artur Yusupov} Nf6 2. c4 e6 3. Nf3 d5 4. Nc3 Be7 5. Bg5 O-O ({RR} 5... h6 6. Bh4 O-O {½-½ (14) Mamedyarov,S (2657)-Lputian,S (2634) Tripoli 2004}) 6. e3 h6 7. Bh4 Ne4 8. Bxe7 Qxe7 9. Qc2 Nxc3 10. Qxc3 dxc4 11. Bxc4 b6 12. O-O Bb7 13. Be2 c5 $5 {N;13...c8!?} 14. dxc5 Rc8 $10 15. Nd4 $146 {15.b4 bc 16.b5 a6=} ({RR} 15. Rac1 Rxc5 16. Qa3 Nd7 17. Rfd1 a5 18. Rc2 Bxf3 19. Bxf3 Rac8 20. Rxc5 Nxc5 21. Qc3 Rd8 {½-½ (21) Zamansky,L-Stork,I Groningen 1990}) ({RR} 15. Rac1 Rxc5 16. Qa3 Nd7 17. Rxc5 Nxc5 18. Rc1 Qf6 19. b4 Ne4 20. Qb3 Rd8 21. a4 Qg6 22. Rd1 Nd2 23. Qc2 Qxc2 {0-1 (23) Manteiga,F (2029)-Ortez,A (1930) chess.com INT 2025}) ({RR} 15. b4 bxc5 16. Rac1 Nd7 17. bxc5 Rxc5 18. Qa3 Rac8 19. Rfd1 Kf8 20. Rxc5 Qxc5 21. Qb2 Nb6 22. Nd4 Bd5 23. Ba6 Rc7 24. a3 Qa5 25. Qb4+ Qxb4 26. axb4 e5 27. Nb5 Rd7 28. Nc3 Bc6 29. Rxd7 Bxd7 {Ftacnik,L (2565)-Jussupow,A (2665) Germany 1994 ½-½ (38)}) ({RR} 15. b4 bxc5 16. bxc5 Nd7 17. Rfd1 Nxc5 18. Qa3 Qf6 19. Rac1 Ne4 20. Rxc8+ Rxc8 21. Qxa7 Qb2 22. Re1 Rc1 23. Qa5 Qxe2 24. Rxc1 Qxf2+ 25. Kh1 Qxe3 26. Qe1 Nf2+ 27. Kg1 Nh3+ 28. Kh1 Qxf3 29. Qg3 Qf4 {Akopian,V (2530)-Jussupow,A (2590) Paris 1990 0-1 (49)}) 15... Rxc5 16. Qa3 Nc6 17. Nxc6 {17.b3?! c2 18.f3 a3 19.ba c8} Bxc6 18. Rfd1 $6 (18. Rfc1 Rxc1+ 19. Rxc1 Qxa3 20. bxa3 Bd5 21. Rc2 $10 {a6,f3}) 18... Rc8 $1 19. Bf1 {19.ac1? g5 20.f1 g2!-+; 20.g3 c1 21.c1 d5 22.f3 d2-+} Bd5 $15 20. Qd3 {a3} Qg5 (20... Qf6 21. Rd2 Rc1 {21...h5!? 22.a3 h4 23.h3} 22. Rxc1 Rxc1 23. b3 {23.c2 c2 24.c2 a2 25.b3 a1} Qa1 24. Rc2 Rxc2 25. Qxc2 g6 26. f3 Qe1 27. Qf2 $10) 21. Rd2 Rc1 $6 {21...h5} 22. Rxc1 Rxc1 23. Rd1 $8 Bc4 24. Qd7 $6 (24. Qd2 $1 Rxd1 {24...f1 25.f1=} 25. Qxd1 Bxa2 26. Qa4 Qd5 27. Qxa7 Bc4 28. Qa1 $10) 24... Bxf1 25. Rxf1 {25.f1 d1 26.d1 e5 27.d8 h7 28.d7=; 25...c5} Qc5 $15 26. Qd8+ {T;26.g3 f1 27.f1 c4 28.g2 a2 29.e8 h7 30.f7} Kh7 27. Qd3+ g6 {27...f5 28.g3 c4 29.c4 c4 30.d1 c2 31.d7 a5 32.d6 b2 33.e6 b5 34.a3=} 28. g3 a5 29. a3 Rc2 $5 {29...c4!? 30.c4 c4 31.d1 c2 32.b4 ab 35.ab d4} 30. b4 axb4 31. axb4 Qc4 32. Qd6 (32. Rd1 $1 b5 33. Qd7 {33.c4!? c4 34.d4! d4 35.ed g7 36.f3 f6 37.f2 e7 38.e3 d6 39.h3=} Kg7 34. Qd4+ $15) 32... Qb5 $5 33. h4 $6 {33.f8 f5 b5;33.d1} Kg7 $6 (33... Rc4 $1 34. Rb1 Qf5 35. Rd1 {35.f1!? b5 36.d2 c1} Qf3 $17) 34. Qd4+ $1 e5 35. Qd6 Rb2 $138 36. Rc1 $1 $10 Rxb4 37. Rc6 {37.c8=} Kh7 38. h5 Rb1+ 39. Kh2 Rh1+ 40. Kxh1 Qf1+ 41. Kh2 Qxf2+ 42. Kh3 Qf1+ 43. Kh2 $8 {Artur Yusupov} 1/2-1/2

[Event "Candidates sf1"]
[Site "London"]
[Date "1989.??.??"]
[Round "7"]
[White "Karpov, Anatoly"]
[Black "Jussupow, Artur"]
[Result "1-0"]
[WhiteElo "2755"]
[BlackElo "2610"]
[Annotator "Jussupow,Artur"]
[PlyCount "105"]
[EventDate "1989.10.??"]
[EventType "match"]
[EventRounds "8"]
[EventCountry "ENG"]
[SourceTitle "Candidates"]
[Source "ChessBase"]
[SourceDate "1999.07.01"]
[SourceVersion "2"]
[SourceVersionDate "1999.07.01"]
[SourceQuality "1"]

1. d4 {Artur Yusupov} Nf6 2. c4 e6 3. Nf3 d5 4. Nc3 Be7 5. Bg5 O-O 6. e3 h6 7. Bh4 Ne4 8. Bxe7 Qxe7 9. Rc1 c6 10. Bd3 Nxc3 11. Rxc3 dxc4 12. Bxc4 Nd7 13. O-O e5 {13...b6!?} 14. Bb3 $5 exd4 {14...e8 15.d5!? Nikolic,P-Yusupov,A (Beograd,89)} 15. exd4 Nf6 16. Re1 Qd6 {16...d8!?} 17. Ne5 $36 Nd5 $2 {17...f5? 18.f7 f7 19.f7 f7 20.b3; 17...e6} 18. Rg3 $40 Bf5 19. Qh5 Bh7 20. Qg4 $1 ({RR} 20. Bxd5 cxd5 21. Qg4 g6 22. h4 Kg7 23. Qf4 Rad8 24. Rc1 a6 25. a3 a5 26. Rc5 b6 27. Rc6 Qe7 28. Rxb6 Rc8 29. Kh2 Rc2 30. Re3 g5 31. Qg4 f5 32. Qh5 Rf6 33. Nd7 {1-0 (33) Zilka,S (2506)-Roubalik,J (2328) Pardubice CZE 2025}) 20... g5 21. h4 $16 f6 22. hxg5 hxg5 $146 ({RR} 22... fxg5 23. f4 Rf5 24. fxg5 Rxg5 25. Qh4 Rg7 26. Ree3 Rf8 27. Rxg7+ Kxg7 28. Rg3+ Kh8 29. Ng6+ Kg7 30. Nxf8+ Kxf8 31. Bxd5 cxd5 32. Rf3+ Kg7 33. Qf4 Qe7 34. Qe5+ Qxe5 35. dxe5 Be4 36. Rf4 a6 37. e6 {Gulkov,I (2355)-Shapkin,A (2109) Konakovo 2012 1-0 (43)}) 23. f4 $5 (23. Qh5 Qe7 24. Nd3 Qf7 $16) 23... Rae8 $2 (23... Kh8 24. fxg5 fxe5 25. g6 Qxg6 26. Qxg6 Bxg6 27. Rxg6 $16) 24. fxg5 fxe5 25. g6 Bxg6 26. dxe5 $18 Qe6 {26...c5 27.h2+-; 26...g7 27.de e1 28.h2 h8 29.h3+-} 27. Bxd5 $1 {27.g6 g6 28.g6} cxd5 28. Qxg6+ Qxg6 29. Rxg6+ Kh7 {29...f7 30.d6 d8 31.f1+-} 30. Rd6 Rc8 31. Re3 {31.e2!?} Rc2 32. Rd7+ Kg6 33. Rxb7 Re8 34. a3 d4 $6 $138 {34...d2} 35. Rd3 Rxe5 36. Rxd4 Rg5 37. Rd6+ Kh5 38. Rh7+ Kg4 39. Rd4+ Kf5 40. Rd5+ Kg6 41. Rg7+ Kxg7 42. Rxg5+ Kf6 43. Rb5 a6 44. Rb6+ Ke7 {44...f5 45.b4+-} 45. Kh2 $18 Kd7 46. Kh3 {46.a4+-} Kc7 47. Rb3 Kd6 48. g4 Ke5 49. Kh4 Kf6 50. Rb6+ Kg7 51. Kh5 a5 52. Rb7+ Kg8 53. a4 {Artur Yusupov} 1-0

[Event "Bucharest m"]
[Site "Bucharest"]
[Date "2005.03.20"]
[Round "1"]
[White "Istratescu, Andrei"]
[Black "Karpov, Anatoly"]
[Result "1/2-1/2"]
[WhiteElo "2617"]
[BlackElo "2674"]
[PlyCount "67"]
[EventDate "2005.03.20"]
[EventType "match"]
[EventRounds "4"]
[EventCountry "ROU"]
[SourceTitle "CBM 106"]
[Source "ChessBase"]
[SourceDate "2005.06.06"]
[SourceVersion "1"]
[SourceVersionDate "2005.06.06"]
[SourceQuality "1"]

1. d4 {Kramnik,Vladimir} Nf6 2. c4 e6 3. Nf3 d5 4. Nc3 Be7 5. Bg5 h6 6. Bh4 O-O 7. e3 Ne4 8. Bxe7 Qxe7 9. cxd5 Nxc3 10. bxc3 exd5 11. Qb3 Rd8 12. c4 dxc4 13. Bxc4 Nc6 14. Be2 Na5 ({RR} 14... b6 15. O-O Bb7 16. Rac1 Na5 17. Qb2 Rac8 18. h3 ({RR} 18. Rc3 c5 19. Qa3 Kf8) 18... c5 19. dxc5 ({RR} 19. Qa3 Kf8 20. dxc5 Rd5) 19... Rxc5 20. Rxc5 Qxc5 21. Rc1 Qe7 22. Nd4 Qg5 ({RR} 22... Rc8 23. Rxc8+ Bxc8 24. Qc3) ({RR} 22... Qf6 23. Qc3 Rc8 24. Qxc8+ Bxc8 25. Rxc8+ Kh7 26. Bd3+ g6 27. Rc7) 23. Bg4 Qd5 ({RR} 23... Nc4 24. Rxc4 Qd5 25. Bf3 Qxc4 26. Bxb7) ({RR} 23... h5 24. Bf3) 24. Bf3 Qd7 25. Bxb7 Nxb7 ({RR} 25... Qxb7 26. Nf5) 26. Nc6 Ra8 ({RR} 26... Qd2 27. Qxd2 ({RR} 27. Qa3) 27... Rxd2 28. Ne7+) 27. Qd4 Nc5 ({RR} 27... Qxd4 28. exd4) ({RR} 27... Qe6 28. Qc4 Qe8) 28. Qxd7 Nxd7 29. Rd1 {Kramnik,V (2710)-Lutz,C (2595) Germany 1994 CBM 043 [Kramnik,Vladimir] 1-0 (55)}) ({RR} 14... Bg4 15. O-O) ({RR} 14... Be6 15. Qxb7 Nb4 16. O-O Bxa2 17. Rfc1 Rdc8 18. Ne5 Bd5 19. Qb5 c5 20. Rxc5 Rxc5 21. Qxc5 Qxc5 22. dxc5 a5 23. Bb5 Rc8 24. Nd7 Ra8 25. Nb6 Ra7 26. Kf1 Kf8 27. g3 Bf3 28. Be2 Bc6 29. Bd1 {Zubov,A (2598)-Abdusattorov,N (2627) Chess.com INT 2021 ½-½ (90)}) ({RR} 14... b6 15. O-O Bb7 16. a3 Rd6 17. Rfd1 Rad8 18. Rac1 Na5 19. Qc3 c5 20. dxc5 Rxd1+ 21. Rxd1 Rxd1+ 22. Bxd1 Qxc5 23. Qxc5 bxc5 24. Nd2 Kf8 25. f3 Bd5 26. Kf2 Ke7 27. Be2 f5 28. Bd3 Ke6 29. Bc2 {Karpov,A (2617)-Vaganian,R (2526) Platja d'Aro 2019 ½-½ (48)}) ({RR} 14... b6 15. Qc3 Bb7 16. O-O {½-½ (16) Bachmann,K (2282)-Baumbach,F (2283) Thessaloniki 2011}) 15. Qc3 b6 16. O-O Bb7 17. Rfc1 $146 ({RR} 17. Ne5 c5 18. Bh5 g6 19. Bg4 h5 20. Bf3 cxd4 21. exd4 Rac8 22. Qe3 Bxf3 23. Nxf3 Qf6 {½-½ (23) Peng,Z (2355)-Gurieli,N (2360) Kishinev 1995}) 17... Rac8 18. h3 c5 19. Qa3 Rc7 20. dxc5 Rd5 21. Qb2 Rdxc5 22. Rxc5 Rxc5 23. Rd1 Be4 24. Nd4 Nc6 25. Nxc6 Rxc6 26. Qd4 Rc7 27. Bb5 Bc2 28. Rd2 Bf5 29. a4 Rc1+ 30. Rd1 Qc5 31. Qd8+ Kh7 32. Rxc1 Qxc1+ 33. Kh2 Qc5 34. Qb8 1/2-1/2